000 00530nam a2200181Ia 4500
003 GCL
008 140319s9999 xx 000 0 ara d
040 _aGCL /
_cGCL
082 0 4 _a813.03
_bع ع
100 1 _aعبدالحميد جوده السحار
245 1 0 _aعمر بن عبدالعزيز /
_cعبدالحميد جوده السحار
300 _a207 ص
490 _aكتاب
_v0
650 0 4 _aالادب العربى
650 0 4 _aالقصص العربية
650 0 4 _aالقصص القصيرة
942 _2ddc
_cBK
999 _c41709
_d41709